[Event "51st POL-ch"]
[Site "Gdansk POL"]
[Date "1994.03.??"]
[Round "1"]
[White "Czerwonski, Aleksander"]
[Black "Grabarczyk, Miroslaw"]
[Result "1-0"]
[WhiteElo "2395"]
[BlackElo "2435"]
[EventDate "1994.03.13"]
[PlyCount "111"]

1.d4 Nf6 2.c4 e6 3.Nf3 b6 4.g3 Bb7 5.Bg2 Be7 6.Nc3 O-O 7.Qc2 c5 8.d5 exd5 
9.Ng5 Na6 10.Nxd5 Bxd5 11.cxd5 d6 12.O-O h6 13.Nh3 b5 14.Bd2 Qb6 15.a4 b4 
16.Nf4 Nb8 17.Nd3 Nbd7 18.b3 a5 19.e4 Rae8 20.Rae1 Qc7 21.Nb2 Nb6 22.f4 
Nfd7 23.g4 Bh4 24.Re3 Bf6 25.Rh3 Bxb2 26.Qxb2 c4 27.g5 h5 28.Be3 g6 29.Bd4
Nc5 30.Qe2 Nxb3 31.Bf6 $2 Nxd5 32.e5 Nxf6 33.gxf6 dxe5 34.f5 Nd4 35.Qe3 
Qb6 $2 36.fxg6 fxg6 37.Bd5+ Kh7 $2 38.f7 
    ( 38.Rxh5+ )
38...Re7 39.Bxc4 Qc5 40.Bd3 Ne6 $2 41.Rxh5+ Kg7 42.Rxe5 Qxe3+ 43.Rxe3 
Rfxf7 44.Rfe1 Rd7 45.Bb5 Nc5 46.Bxd7 Rxd7 47.Re7+ Rxe7 48.Rxe7+ Kf6 49.Ra7
Ke5 50.Kf2 Kd4 51.Rxa5 b3 52.Rb5 Nd3+ 53.Ke2 Kc3 54.Rxb3+ Kxb3 55.Kxd3 
Kxa4 56.Ke4 1-0

[Event "51st POL-ch"]
[Site "Gdansk POL"]
[Date "1994.03.??"]
[Round "1"]
[White "Jaracz, Pawel"]
[Black "Skalik, Przemyslaw"]
[Result "1-0"]
[WhiteElo "2370"]
[BlackElo "2365"]
[EventDate "1994.03.13"]
[PlyCount "83"]

1.e4 c6 2.d4 d5 3.Nc3 dxe4 4.Nxe4 Nd7 5.Bd3 Ngf6 6.Ng5 e6 7.N1f3 Bd6 8.Qe2
h6 9.Ne4 Nxe4 10.Qxe4 Qc7 11.Bd2 b6 12.O-O-O Bb7 13.Rhe1 O-O-O 14.Qe2 Rhe8
15.Ne5 Re7 16.f4 Kb8 17.g3 c5 18.Bb5 cxd4 19.Nxd7+ Rexd7 20.Bxd7 Rxd7 21.
Qd3 Qc5 22.Kb1 Be7 23.f5 Qxf5 24.Bf4+ Kc8 25.Qxf5 exf5 26.Be5 Bc5 27.Bxg7 
Bf3 28.Rd2 h5 29.a3 a5 30.Re8+ Kc7 31.b4 axb4 32.axb4 Bxb4 33.Rxd4 Re7 34.
Rxe7+ Bxe7 35.Rc4+ Kd7 36.Be5 Ke6 37.Bf4 b5 38.Rc7 Bd8 39.Rc5 b4 40.Re5+ 
Kf6 41.Rb5 Be7 42.Bd2 1-0

[Event "51st POL-ch"]
[Site "Gdansk POL"]
[Date "1994.03.??"]
[Round "1"]
[White "Matlak, Marek"]
[Black "Murdzia, Piotr"]
[Result "1/2-1/2"]
[WhiteElo "2485"]
[BlackElo "2435"]
[EventDate "1994.03.13"]
[PlyCount "74"]

1.Nf3 Nf6 2.c4 g6 3.Nc3 Bg7 4.e4 d6 5.d4 c5 6.Be2 cxd4 7.Nxd4 Nc6 8.Be3 
O-O 9.O-O Bd7 10.Qd2 Nxd4 11.Bxd4 Bc6 12.f3 Nd7 13.Be3 a5 14.b3 Nc5 15.
Rac1 b6 16.Rfe1 Ra7 17.Bf1 Rd7 18.Bg5 Qa8 19.Nd5 Qa7 20.Kh1 f6 21.Be3 e6 
22.Nf4 Qa8 23.Rcd1 Qe8 24.Nd3 f5 25.exf5 gxf5 26.Nxc5 dxc5 27.Qe2 Rxd1 28.
Rxd1 Qe7 29.Qd2 Be5 30.Kg1 Bc7 31.Bg5 Qf7 32.Bh6 Re8 33.Bd3 Rd8 34.Bg5 Rd4
35.Be3 Rd7 36.Qe2 Qh5 37.f4 Qxe2 1/2-1/2

[Event "51st POL-ch"]
[Site "Gdansk POL"]
[Date "1994.03.??"]
[Round "1"]
[White "Pedzich, Dominik"]
[Black "Kaminski, Marcin"]
[Result "1/2-1/2"]
[WhiteElo "2400"]
[BlackElo "2445"]
[EventDate "1994.03.13"]
[PlyCount "39"]

1.e4 e6 2.d4 d5 3.Nd2 c5 4.exd5 exd5 5.Ngf3 Nf6 6.Bb5+ Bd7 7.Qe2+ Be7 8.
dxc5 O-O 9.Nb3 Re8 10.Be3 a6 11.Bd3 a5 12.O-O a4 13.Nbd4 Bxc5 14.h3 Nc6 
15.c3 a3 16.Qc2 Ne4 17.bxa3 Bxa3 18.Nb5 Bf8 19.Rfd1 Bf5 20.Ng5 1/2-1/2

[Event "51st POL-ch"]
[Site "Gdansk POL"]
[Date "1994.03.??"]
[Round "1"]
[White "Schmidt, Wlodzimierz"]
[Black "Kempinski, Robert"]
[Result "1/2-1/2"]
[WhiteElo "2435"]
[BlackElo "2385"]
[EventDate "1994.03.13"]
[PlyCount "101"]

1.Nf3 Nf6 2.c4 g6 3.Nc3 Bg7 4.e4 d6 5.d4 O-O 6.Be2 e5 7.O-O Na6 8.Re1 c6 
9.Bf1 Bg4 10.d5 Nb4 11.Be2 a5 12.Bg5 h6 13.Be3 c5 14.g3 Bd7 15.Nh4 Kh7 16.
a3 Na6 17.Bd3 Ng4 18.Bd2 Bf6 19.Ng2 h5 20.Qc1 Bg7 21.f3 Nh6 22.Nd1 Nc7 23.
a4 Na6 24.Nf2 Nb4 25.Bb1 f5 26.Ra3 Qf6 27.exf5 Bxf5 28.Nh4 Ra6 29.Ne4 Bxe4
30.Bxe4 Nf5 31.Bg5 Qf7 32.Kh1 Bf6 33.Bxf6 Qxf6 34.Rg1 Rg8 35.Qe1 Nd4 36.
Qf2 Kh8 37.g4 g5 38.Nf5 Nxf5 39.gxf5 Raa8 40.Rg2 Raf8 41.Ra1 Rg7 42.Rag1 
Rfg8 43.Qg3 Qh6 44.Qh3 Rf7 45.Rg3 Na6 46.Qg2 Rfg7 47.Qd2 h4 48.Rg4 b6 49.
Qf2 Rf8 50.Qd2 Rfg8 51.Qf2 1/2-1/2

[Event "51st POL-ch"]
[Site "Gdansk POL"]
[Date "1994.03.??"]
[Round "1"]
[White "Urban, Klaudiusz"]
[Black "Markowski, Tomasz"]
[Result "1/2-1/2"]
[WhiteElo "2440"]
[BlackElo "2495"]
[EventDate "1994.03.13"]
[PlyCount "47"]

1.d4 Nf6 2.c4 g6 3.Nc3 Bg7 4.e4 d6 5.Nf3 O-O 6.Be2 e5 7.O-O Nc6 8.d5 Ne7 
9.Ne1 Nd7 10.Be3 f5 11.f3 h6 12.Nd3 b6 13.b4 Nf6 14.Rc1 g5 15.c5 Rf7 16.
cxd6 cxd6 17.Nf2 f4 18.Bd2 Bf8 19.Nb5 Ne8 20.a4 h5 21.Rc3 Rg7 22.h3 a6 23.
Na3 Bd7 24.Qb3 1/2-1/2

[Event "51st POL-ch"]
[Site "Gdansk POL"]
[Date "1994.03.??"]
[Round "1"]
[White "Weglarz, Leszek"]
[Black "Gdanski, Jacek"]
[Result "1/2-1/2"]
[WhiteElo "2375"]
[BlackElo "2505"]
[EventDate "1994.03.13"]
[PlyCount "89"]

1.d4 d5 2.c4 e6 3.Nc3 c6 4.e3 f5 5.f4 Nf6 6.Nf3 Bb4 7.Bd2 O-O 8.a3 Bxc3 9.
Bxc3 a5 10.Bd3 Ne4 11.O-O Nd7 12.Be1 b6 13.b4 Ba6 14.c5 Bxd3 15.Qxd3 axb4 
16.Bh4 Qb8 17.axb4 Qb7 18.h3 Rxa1 19.Rxa1 Ra8 20.Ra3 h6 21.Qb3 Kh7 22.Qa2 
Nc3 23.Qa1 Rxa3 24.Qxa3 Nb5 25.Qa1 bxc5 26.bxc5 Qa7 27.Qxa7 Nxa7 28.Ne1 
Kg6 29.Nd3 Kf7 30.Bd8 Ke8 31.Bc7 Nb5 32.Be5 Nf6 33.Kf2 Nc3 34.Bxf6 gxf6 
35.g4 Ne4+ 36.Kf3 fxg4+ 37.hxg4 Ke7 38.Nb4 Kd7 39.Nd3 Nd2+ 40.Ke2 Ne4 41.
Kf3 Nd2+ 42.Kg3 Nc4 43.Kf3 Nd2+ 44.Kg3 Nc4 45.Kf3 1/2-1/2

[Event "51st POL-ch"]
[Site "Gdansk POL"]
[Date "1994.03.??"]
[Round "2"]
[White "Gdanski, Jacek"]
[Black "Czerwonski, Aleksander"]
[Result "1-0"]
[WhiteElo "2505"]
[BlackElo "2395"]
[EventDate "1994.03.13"]
[PlyCount "109"]

1.e4 d6 2.d4 Nf6 3.f3 e5 4.dxe5 dxe5 5.Qxd8+ Kxd8 6.Bc4 Be6 7.Bxe6 fxe6 8.
Be3 Nbd7 9.Nd2 Bc5 10.Bxc5 Nxc5 11.Nc4 Nfd7 12.a4 Ke7 13.Nh3 a5 14.Nf2 
Nxa4 15.Rxa4 b5 16.Rxa5 bxc4 17.Rxa8 Rxa8 18.Kd2 Nb6 19.Nd1 Rd8+ 20.Kc1 
Kd6 21.Nc3 Kc5 22.h4 Ra8 23.Kd2 Nd7 24.Rh3 Rb8 25.Rg3 g6 26.Rg5 Kd6 27.Nd1
Ke7 28.Kc3 Nb6 29.Rxe5 c5 30.Kd2 c3+ 31.Kxc3 h6 32.Ne3 Nd7 33.Nc4 Kf6 34.
f4 Rd8 35.g4 Nxe5 36.g5+ Kg7 37.Nxe5 hxg5 38.hxg5 Rd4 39.Nd3 Rxe4 40.Nxc5 
Re1 41.b4 Kf7 42.Kd4 Ke7 43.Nd3 Rd1 44.b5 Kd6 45.c4 Kc7 46.c5 Kb7 47.Kc4 
Rf1 48.b6 Rf3 49.Kd4 Rf1 50.Kc3 Ra1 51.Kc4 Ra3 52.Nb4 Ra5 53.Nd3 Ra3 54.
Ne5 Ra1 55.Nxg6 1-0

[Event "51st POL-ch"]
[Site "Gdansk POL"]
[Date "1994.03.??"]
[Round "2"]
[White "Grabarczyk, Miroslaw"]
[Black "Urban, Klaudiusz"]
[Result "1/2-1/2"]
[WhiteElo "2435"]
[BlackElo "2440"]
[EventDate "1994.03.13"]
[PlyCount "103"]

1.d4 Nf6 2.c4 e6 3.Nf3 d5 4.Nc3 Be7 5.Bg5 O-O 6.e3 Nbd7 7.Qc2 Re8 8.Rd1 a6
9.cxd5 exd5 10.Bd3 Nf8 11.h3 c6 12.O-O Be6 13.a3 g6 14.b4 Bd7 15.Bxf6 Bxf6
16.a4 Be7 17.b5 Bd6 18.bxa6 bxa6 19.Rb1 f5 20.a5 Qxa5 21.Ra1 Qc7 22.Bxa6 
Reb8 23.Bd3 Ne6 24.Ne2 Ra7 25.g3 Rab7 26.Rfb1 Rxb1+ 27.Rxb1 Rxb1+ 28.Qxb1 
Nd8 29.Kg2 Nf7 30.Nc3 Qa5 31.Qb3 Qb4 32.Qc2 Be8 33.Be2 Qa5 34.Na4 Qd8 35.
Nc5 Qe7 36.Qc3 Qc7 37.Bd1 Qa7 38.Bc2 Nd8 39.Ne1 Nf7 40.Ned3 Nd8 41.Qb3 Qa5
42.Nb7 Nxb7 43.Qxb7 Qc7 44.Qxc7 Bxc7 45.Ba4 Bd6 46.f4 Kf8 47.Kf3 Ke7 48.
Ke2 Bc7 49.Ne5 Kd6 50.g4 fxg4 51.hxg4 h6 52.Bc2 1/2-1/2

[Event "51st POL-ch"]
[Site "Gdansk POL"]
[Date "1994.03.??"]
[Round "2"]
[White "Kempinski, Robert"]
[Black "Jaracz, Pawel"]
[Result "0-1"]
[WhiteElo "2385"]
[BlackElo "2370"]
[EventDate "1994.03.13"]
[PlyCount "72"]

1.Nf3 d6 2.d4 g6 3.c4 Bg7 4.Nc3 Nf6 5.g3 c6 6.Bg2 Bf5 7.O-O O-O 8.b4 Ne4 
9.Bb2 Nxc3 10.Bxc3 Be4 11.Qb3 d5 12.c5 Nd7 13.b5 Qc7 14.Rac1 Rfe8 15.Rfd1 
h5 16.e3 Bf6 17.h4 Bxf3 18.Bxf3 e5 19.Bg2 exd4 20.Bxd4 Re7 21.Qa4 a6 22.
bxc6 bxc6 23.Bxf6 Nxf6 24.Rb1 Ne4 25.Qb4 a5 26.Qd4 Rae8 27.Rb6 Qc8 28.Rdb1
Qf5 29.Bxe4 Rxe4 30.Qd2 d4 31.exd4 Re2 32.Qf4 Re1+ 33.Kg2 Qd3 34.Rxe1 Rxe1
35.Qb8+ $2 Kh7 36.Rb3 Qf1+ 0-1

[Event "51st POL-ch"]
[Site "Gdansk POL"]
[Date "1994.03.??"]
[Round "2"]
[White "Murdzia, Piotr"]
[Black "Schmidt, Wlodzimierz"]
[Result "1/2-1/2"]
[WhiteElo "2435"]
[BlackElo "2435"]
[EventDate "1994.03.13"]
[PlyCount "64"]

1.d4 Nf6 2.c4 g6 3.Nc3 Bg7 4.Bg5 c5 5.d5 d6 6.e4 h6 7.Bh4 Qa5 8.Bd3 Nbd7 
9.Nf3 g5 10.Bg3 Nh5 11.Rc1 Nxg3 12.hxg3 Ne5 13.Nxe5 Bxe5 14.Qd2 Bd7 15.O-O
g4 16.a3 h5 17.Rc2 h4 18.gxh4 Rxh4 19.g3 Rh7 20.Kg2 O-O-O 21.Rh1 Rdh8 22.
Rxh7 Rxh7 23.Rc1 Qd8 24.Rh1 Rxh1 25.Kxh1 Qh8+ 26.Kg1 Bxc3 27.bxc3 Kc7 28.
Be2 Qe5 29.Bd3 f5 30.exf5 Bxf5 31.Bxf5 Qxf5 32.Qe2 Kd8 1/2-1/2

[Event "51st POL-ch"]
[Site "Gdansk POL"]
[Date "1994.03.??"]
[Round "2"]
[White "Pedzich, Dominik"]
[Black "Weglarz, Leszek"]
[Result "1-0"]
[WhiteElo "2400"]
[BlackElo "2375"]
[EventDate "1994.03.13"]
[PlyCount "76"]

1.e4 e5 2.Nf3 Nf6 3.Nxe5 d6 4.Nf3 Nxe4 5.d4 d5 6.Bd3 Be7 7.O-O O-O 8.c4 
Nf6 9.h3 dxc4 10.Bxc4 Nbd7 11.Nc3 Nb6 12.Bb3 Nbd5 13.Ne5 Be6 14.Qf3 c6 15.
Bg5 Nc7 16.Nc4 Nfd5 17.Bxe7 Qxe7 18.Rfe1 Rad8 19.Qg3 Nb6 20.Na5 Rxd4 21.
Nxb7 c5 22.Qe5 Ncd5 23.Nd6 Nf4 24.Nce4 Qh4 25.Qxc5 Rd3 26.Nf5 Nxh3+ $2 27.
gxh3 Qxh3 28.Nfg3 
    ( 28.Ne7+ )
28...Nd5 29.Bxd5 Bxd5 30.Re3 Rxe3 31.Qxe3 Ba8 32.Ne2 Qg4+ $2 33.N4g3 h5 
34.Qf4 Qg6 35.Qf5 Qc6 36.f3 h4 37.Nh5 Qb6+ 38.Kf1 Qe3 1-0

[Event "51st POL-ch"]
[Site "Gdansk POL"]
[Date "1994.03.??"]
[Round "3"]
[White "Czerwonski, Aleksander"]
[Black "Pedzich, Dominik"]
[Result "1-0"]
[WhiteElo "2395"]
[BlackElo "2400"]
[EventDate "1994.03.13"]
[PlyCount "109"]

1.c4 Nf6 2.d4 g6 3.Nc3 Bg7 4.e4 d6 5.f3 O-O 6.Be3 Nc6 7.Nge2 a6 8.Qd2 Rb8 
9.h4 h5 10.Bh6 b5 11.O-O-O bxc4 12.g4 Nb4 13.Ng3 c5 14.Bxg7 Kxg7 15.gxh5 
cxd4 16.Qxd4 Qa5 17.hxg6 e5 18.Qxd6 Be6 19.a3 Na2+ 20.Nxa2 Rfd8 21.Qe7 
Rxd1+ 22.Kxd1 Rd8+ 23.Kc2 Qd2+ 24.Kb1 Rb8 25.Nf5+ Bxf5 26.Qxe5 Qd1+ 27.Nc1
c3 28.Qxc3 Rc8 29.Bc4 Qxh1 30.exf5 Qxh4 31.b3 fxg6 32.fxg6 Qg5 33.Qb4 
Qxg6+ 34.Kb2 Qe8 35.Qb7+ Kh6 36.Qxa6 Qe5+ 37.Kc2 Rd8 38.Qb6 Rd6 39.Qf2 Nh5
40.Nd3 Qf5 41.Qe3+ Kg6 42.Qe7 Rf6 43.Qe8+ Kg5 44.Qe3+ Nf4 45.a4 Rh6 46.b4 
Rh4 47.Kb3 Kh5 48.Qe8+ Kg5 49.Qe7+ Qf6 50.Qxf6+ Kxf6 51.Nxf4 Rxf4 52.Bd5 
Ke5 53.Be4 Kd4 54.a5 Rf6 55.Bb7 1-0

[Event "51st POL-ch"]
[Site "Gdansk POL"]
[Date "1994.03.??"]
[Round "3"]
[White "Jaracz, Pawel"]
[Black "Murdzia, Piotr"]
[Result "0-1"]
[WhiteElo "2370"]
[BlackElo "2435"]
[EventDate "1994.03.13"]
[PlyCount "104"]

1.c4 Nf6 2.Nc3 g6 3.e4 d6 4.d4 Bg7 5.f4 c5 6.d5 O-O 7.Nf3 e6 8.Be2 exd5 9.
cxd5 a6 10.a4 Bg4 11.O-O Nbd7 12.h3 Bxf3 13.Bxf3 c4 14.Be3 Rc8 15.g4 Nc5 
16.Qc2 Re8 17.Rae1 Qa5 18.g5 Nfd7 19.Bg4 Rcd8 20.Bd2 Nd3 21.Re2 N3c5 22.f5
Bd4+ 23.Kg2 Qb6 24.Nd1 Qb3 25.Qxb3 Nxb3 26.Bc3 Ndc5 27.fxg6 hxg6 28.Bxd4 
Nxd4 29.Ref2 Re7 30.Nc3 Nd3 31.Rf6 b5 32.axb5 axb5 33.Nd1 Nc5 34.Nf2 Nc2 
35.Rc1 Nb4 36.Bf3 Nbd3 37.Nxd3 Nxd3 38.Rb1 Ra7 39.Be2 Nc5 40.Kf3 Re7 41.
Rf4 Rde8 42.Ra1 Nxe4 43.Bf1 Nxg5+ 44.Kg2 Ne4 45.Ra6 Re5 46.Rb6 Rxd5 47.Rb7
Ng5 48.h4 Re4 49.Rbxf7 Nxf7 50.Rxe4 Rd2+ 51.Re2 Rd4 52.Re8+ Kg7 0-1

[Event "51st POL-ch"]
[Site "Gdansk POL"]
[Date "1994.03.??"]
[Round "3"]
[White "Matlak, Marek"]
[Black "Grabarczyk, Miroslaw"]
[Result "1/2-1/2"]
[WhiteElo "2485"]
[BlackElo "2435"]
[EventDate "1994.03.13"]
[PlyCount "40"]

1.d4 Nf6 2.Nf3 e6 3.c4 d5 4.Nc3 Be7 5.Bg5 Nbd7 6.e3 O-O 7.Qc2 Re8 8.Bd3 
dxc4 9.Bxc4 a6 10.O-O b5 11.Be2 Bb7 12.Rfd1 Qc8 13.Ne5 c5 14.Nxd7 Nxd7 15.
Bxe7 Rxe7 16.dxc5 Qxc5 17.Rac1 Rc8 18.Qd2 Qb6 19.Bf1 Nf8 20.Ne2 Rd7 
1/2-1/2

[Event "51st POL-ch"]
[Site "Gdansk POL"]
[Date "1994.03.??"]
[Round "3"]
[White "Schmidt, Wlodzimierz"]
[Black "Markowski, Tomasz"]
[Result "1-0"]
[WhiteElo "2435"]
[BlackElo "2495"]
[EventDate "1994.03.13"]
[PlyCount "129"]

1.Nf3 Nf6 2.c4 g6 3.Nc3 Bg7 4.e4 d6 5.d4 O-O 6.Be2 e5 7.O-O Nc6 8.d5 Ne7 
9.Ne1 Nd7 10.Be3 f5 11.f3 h6 12.Nd3 b6 13.b4 Nf6 14.c5 g5 15.Rc1 Rf7 16.a4
Ng6 17.cxd6 cxd6 18.exf5 Bxf5 19.Nf2 Nf4 20.Bxf4 exf4 21.Bd3 Bxd3 22.Qxd3 
a5 23.Nb5 axb4 24.Rc6 Re7 25.Rfc1 Qe8 26.Kf1 Re3 27.Nxd6 Qd7 28.Qg6 Rc3 
29.R1xc3 bxc3 30.Nf5 Nxd5 31.Ng4 Kh8 32.Nxg7 Qxg7 33.Qe4 Rd8 34.Kf2 Ne3 
35.Nxe3 fxe3+ 36.Qxe3 Qd4 37.Rxc3 Qd2+ 38.Kg3 Qd6+ 39.Kh3 Qd7+ 40.g4 Qd6 
41.Qe4 h5 42.Rc2 hxg4+ 43.Qxg4 Qe5 44.Rc8 Rxc8 45.Qxc8+ Kg7 46.Qb7+ Kh8 
47.Qxb6 Qf5+ 48.Kg2 Qc2+ 49.Kg3 Qd2 50.Qh6+ Kg8 51.Qg6+ Kh8 52.Qe4 Kg8 53.
Qe5 Qc1 54.Kg4 Kf7 55.Qf5+ Ke8 56.Qe5+ Kf7 57.a5 Qg1+ 58.Kf5 Qg2 59.Qc7+ 
Kf8 60.Qd8+ Kf7 61.Qd7+ Kg8 62.Qe8+ Kg7 63.Qe7+ Kh8 64.Qf8+ Kh7 65.Qf7+ 
1-0

[Event "51st POL-ch"]
[Site "Gdansk POL"]
[Date "1994.03.??"]
[Round "3"]
[White "Skalik, Przemyslaw"]
[Black "Kempinski, Robert"]
[Result "1/2-1/2"]
[WhiteElo "2365"]
[BlackElo "2385"]
[EventDate "1994.03.13"]
[PlyCount "55"]

1.e4 c5 2.Nf3 d6 3.d4 cxd4 4.Nxd4 Nf6 5.Nc3 a6 6.Be3 Ng4 7.Bg5 h6 8.Bh4 g5
9.Bg3 Bg7 10.Qd2 Nc6 11.Nb3 Be6 12.h4 gxh4 13.Bxh4 Rc8 14.O-O-O Nb4 15.Kb1
Qb6 16.f3 Ne3 17.Bf2 Rxc3 18.bxc3 Nxd1 19.Bxb6 Nxc3+ 20.Kc1 Nbxa2+ 21.Kb2 
Nxe4+ 22.Qd4 Bxd4+ 23.Bxd4 Ng3 24.Bxh8 Nxh1 25.Kxa2 f6 26.Bg7 Ng3 27.Bd3 
Nf5 28.Bxf5 1/2-1/2

[Event "51st POL-ch"]
[Site "Gdansk POL"]
[Date "1994.03.??"]
[Round "3"]
[White "Urban, Klaudiusz"]
[Black "Gdanski, Jacek"]
[Result "0-1"]
[WhiteElo "2440"]
[BlackElo "2505"]
[EventDate "1994.03.13"]
[PlyCount "118"]

1.d4 Nf6 2.c4 c5 3.d5 d6 4.Nc3 g6 5.Nf3 Bg7 6.g3 e6 7.Bg2 exd5 8.cxd5 O-O 
9.O-O Na6 10.Nd2 Nc7 11.Nc4 Nh5 12.Ne4 Ne8 13.Bg5 f6 14.Bd2 f5 15.Ng5 Nc7 
16.a4 h6 17.Nh3 Nf6 18.Bc3 Kh7 19.Qd3 Qe7 20.Rfd1 b6 21.Nf4 Ba6 22.b3 Rad8
23.Rac1 Bc8 24.e3 g5 25.Ne2 Kh8 26.b4 Ne4 27.Bxg7+ Qxg7 28.bxc5 bxc5 29.
Nc3 Nxc3 30.Qxc3 Qxc3 31.Rxc3 Ba6 32.Na5 Rb8 33.Nc6 Rb2 34.Nxa7 Ra8 35.Nc6
Be2 36.Re1 Rxa4 37.Ne7 Raa2 38.Nxf5 Nb5 39.Rcc1 Bd3 40.Nxh6 Rxf2 41.Bh1 
Rxh2 42.Nf7+ Kg7 43.Nxg5 Kh6 44.Ne6 Rh3 45.Nf4 Rxg3+ 46.Bg2 Be4 47.Kh2 
Rgxg2+ 48.Nxg2 Rxg2+ 49.Kh3 Rg5 50.Rg1 Bxd5 51.Kh4 Rxg1 52.Rxg1 Be6 53.Kg3
Kg5 54.Kf3+ Kf5 55.e4+ Kf6 56.Kf4 Nd4 57.Rd1 Bf7 58.Ra1 Bg6 59.Ra6 Ne6+ 
0-1

[Event "51st POL-ch"]
[Site "Gdansk POL"]
[Date "1994.03.??"]
[Round "3"]
[White "Weglarz, Leszek"]
[Black "Kaminski, Marcin"]
[Result "1/2-1/2"]
[WhiteElo "2375"]
[BlackElo "2445"]
[EventDate "1994.03.13"]
[PlyCount "62"]

1.d4 Nf6 2.c4 g6 3.Nc3 Bg7 4.e4 d6 5.f4 O-O 6.Nf3 Na6 7.Bd3 Bg4 8.h3 Bxf3 
9.Qxf3 e5 10.fxe5 Nd7 11.O-O c5 12.Nd5 cxd4 13.Nf6+ Kh8 14.Nxd7 Qxd7 15.
exd6 Qxd6 16.Bf4 Qe6 17.a3 Nc5 18.b4 Nxd3 19.Qxd3 Rfe8 20.Rae1 a5 21.e5 
axb4 22.axb4 Ra4 23.Bd2 Qd7 24.Re4 Bxe5 25.Bg5 Kg8 26.Rfe1 Qf5 27.Bf4 f6 
28.Kh1 Kg7 29.g4 Qd7 30.Bxe5 fxe5 31.Rxe5 Rxe5 1/2-1/2

[Event "51st POL-ch"]
[Site "Gdansk POL"]
[Date "1994.03.??"]
[Round "4"]
[White "Gdanski, Jacek"]
[Black "Matlak, Marek"]
[Result "1/2-1/2"]
[WhiteElo "2505"]
[BlackElo "2485"]
[EventDate "1994.03.13"]
[PlyCount "35"]

1.e4 e6 2.d4 d5 3.Nc3 Nf6 4.Bg5 dxe4 5.Nxe4 Be7 6.Bxf6 Bxf6 7.Nf3 O-O 8.c3
Nd7 9.Qc2 e5 10.O-O-O exd4 11.Nxd4 Bxd4 12.Rxd4 Qe7 13.Ng3 Nf6 14.Bc4 Bd7 
15.Qd2 Rae8 16.Rd1 Bc8 17.Bb3 Qe5 18.f3 1/2-1/2

[Event "51st POL-ch"]
[Site "Gdansk POL"]
[Date "1994.03.??"]
[Round "4"]
[White "Grabarczyk, Miroslaw"]
[Black "Schmidt, Wlodzimierz"]
[Result "0-1"]
[WhiteElo "2435"]
[BlackElo "2435"]
[EventDate "1994.03.13"]
[PlyCount "72"]

1.d4 Nf6 2.c4 g6 3.Nf3 Bg7 4.g3 c6 5.Bg2 d5 6.cxd5 cxd5 7.Nc3 O-O 8.O-O e6
9.Bf4 Nc6 10.Ne5 Nxe5 11.Bxe5 Bd7 12.Qd2 Bc6 13.Rad1 Qe7 14.f3 Rfd8 15.g4 
Rac8 16.g5 Ne8 17.Bxg7 Kxg7 18.e4 Nd6 19.b3 Nb5 20.Ne2 e5 21.f4 exd4 22.e5
Nc3 23.Nxc3 dxc3 24.Qd4 Kg8 25.Rf3 c2 26.Rc1 Bd7 27.Bh3 Qa3 28.Qd2 Bxh3 
29.Rxh3 Qxa2 30.Rc3 d4 31.Rf3 Qb2 32.f5 d3 33.fxg6 Qxc1+ 34.Qxc1 d2 35.
gxf7+ Kg7 36.f8=Q+ Rxf8 0-1

[Event "51st POL-ch"]
[Site "Gdansk POL"]
[Date "1994.03.??"]
[Round "4"]
[White "Kaminski, Marcin"]
[Black "Kempinski, Robert"]
[Result "1-0"]
[WhiteElo "2445"]
[BlackElo "2385"]
[EventDate "1994.03.13"]
[PlyCount "125"]

1.e4 c5 2.Nf3 d6 3.d4 cxd4 4.Nxd4 Nf6 5.Nc3 a6 6.Be3 e6 7.f3 Be7 8.Qd2 Nc6
9.O-O-O d5 10.exd5 Nxd5 11.Nxd5 exd5 12.Nxc6 bxc6 13.Qc3 Qd6 14.Qxg7 Bf6 
15.Qh6 Rg8 16.Qf4 Be5 17.Qa4 Rb8 18.c3 Bd7 19.f4 Bf6 20.g3 h5 21.Bd3 h4 
22.Rhe1 Kf8 23.f5 hxg3 24.Bh6+ Rg7 25.Bxg7+ Bxg7 26.hxg3 Qxg3 27.Qc2 c5 
28.Rf1 Qg5+ 29.Kb1 Qf6 30.Bc4 Qxc3 31.Qxc3 Bxc3 32.Bb3 Bd4 33.f6 Rb6 34.
Rd2 Be6 35.Ba4 Bg4 36.Rg2 Bh5 37.Rh1 Bg6+ 38.Bc2 Rxb2+ 39.Kc1 Bxf6 40.Rf1 
Rxc2+ 41.Rxc2 Bg5+ 42.Kb2 Bd3 43.Rd1 Bf6+ 44.Kc1 Bxc2 45.Kxc2 Bd4 46.Rd3 
Ke7 47.Ra3 f5 48.Rxa6 f4 49.Kd3 f3 50.Rh6 f2 51.Ke2 c4 52.a4 Be3 53.Rh1 
Bc5 54.a5 Kd6 55.a6 Kc6 56.Rh7 d4 57.Kxf2 d3+ 58.Ke1 c3 59.a7 Bxa7 60.Rxa7
Kd5 61.Rc7 Kd4 62.Kd1 d2 63.Ke2 1-0

[Event "51st POL-ch"]
[Site "Gdansk POL"]
[Date "1994.03.??"]
[Round "4"]
[White "Markowski, Tomasz"]
[Black "Jaracz, Pawel"]
[Result "1/2-1/2"]
[WhiteElo "2495"]
[BlackElo "2370"]
[EventDate "1994.03.13"]
[PlyCount "50"]

1.c4 e6 2.Nf3 b6 3.g3 Bb7 4.Bg2 Nf6 5.O-O Be7 6.Nc3 O-O 7.b3 c5 8.Bb2 d5 
9.e3 Nc6 10.cxd5 Nxd5 11.Nxd5 Qxd5 12.d4 Rfd8 13.Ne5 Qd6 14.Qh5 Nxe5 15.
Bxb7 Rab8 16.dxc5 Qxc5 17.Bd4 Qa5 18.Be4 f5 19.Bg2 Ng4 20.Rac1 Rbc8 21.
Rxc8 Rxc8 22.e4 g6 23.Qh3 Qd2 24.exf5 Qxd4 25.fxg6 h5 1/2-1/2

[Event "51st POL-ch"]
[Site "Gdansk POL"]
[Date "1994.03.??"]
[Round "4"]
[White "Pedzich, Dominik"]
[Black "Urban, Klaudiusz"]
[Result "1/2-1/2"]
[WhiteElo "2400"]
[BlackElo "2440"]
[EventDate "1994.03.13"]
[PlyCount "97"]

1.e4 g6 2.d4 Bg7 3.Bc4 c6 4.Nc3 b5 5.Bb3 b4 6.Nce2 d5 7.e5 e6 8.Nf3 Nd7 9.
a3 bxa3 10.Rxa3 Ne7 11.O-O O-O 12.Bg5 h6 13.Bd2 Qb6 14.Ba5 Qb8 15.Qd2 c5 
16.Ba4 Nb6 17.Rb3 Bb7 18.Ra1 c4 19.Rba3 Nxa4 20.Rxa4 Nc6 21.Bb4 Nxb4 22.
Qxb4 Bc6 23.Qxb8 Rfxb8 24.Ra6 Be8 25.R1a2 Rb7 26.Nc3 Bf8 27.Kf1 Rab8 28.
Rxa7 Rxa7 29.Rxa7 Rxb2 30.Ra2 Rxa2 31.Nxa2 Ba4 32.Ne1 Be7 33.Ke2 Kf8 34.f4
Bd8 35.Nc3 Bc6 36.Nd1 Ba4 37.Nb2 Bb5 38.c3 Be7 39.Kd2 g5 40.fxg5 Bxg5+ 41.
Ke2 Bc1 42.Nd1 Ba4 43.Ne3 Kg7 44.g3 Kg6 45.N1g2 Bb3 46.Nf4+ Kh7 47.h4 Ba2 
48.Neg2 Bb3 49.Ne3 1/2-1/2

[Event "51st POL-ch"]
[Site "Gdansk POL"]
[Date "1994.03.??"]
[Round "4"]
[White "Weglarz, Leszek"]
[Black "Czerwonski, Aleksander"]
[Result "1/2-1/2"]
[WhiteElo "2375"]
[BlackElo "2395"]
[EventDate "1994.03.13"]
[PlyCount "190"]

1.d4 d6 2.e4 Nf6 3.Nc3 g6 4.Nf3 Bg7 5.Be2 O-O 6.O-O Nc6 7.d5 Nb8 8.Re1 c6 
9.Bf1 Bg4 10.h3 Bxf3 11.Qxf3 Nbd7 12.Be3 Qa5 13.Rad1 Qb4 14.Bc1 Rac8 15.a3
Qb6 16.Qe3 Ne8 17.dxc6 bxc6 18.Na4 Qc7 19.b3 Kh8 20.Bb2 Nb6 21.Bxg7+ Nxg7 
22.Nxb6 axb6 23.a4 Ra8 24.Qc3 Kg8 25.e5 Ra5 26.exd6 exd6 27.Qf6 Re8 28.
Rxe8+ Nxe8 29.Qf3 Ng7 30.g3 Ne6 31.Bg2 d5 32.Qf6 Ra8 33.h4 Qd8 34.Qe5 Qf8 
35.h5 Re8 36.hxg6 hxg6 37.Qc3 Qc5 38.Qxc5 Nxc5 39.Kf1 Kg7 40.Ra1 Ra8 41.
Re1 Kf6 42.Re3 d4 43.Re1 Rc8 44.Ke2 d3+ 45.Kd2 dxc2 46.Kxc2 Ne6 47.Kc3 Rd8
48.Re4 Rd1 49.Rb4 Rg1 50.Bh3 Nc7 51.Rf4+ Ke7 52.Re4+ Kd6 53.Kd2 Rb1 54.Re3
Rb2+ 55.Ke1 Nd5 56.Rd3 Kc5 57.Bg2 Nb4 58.Rc3+ Kd6 59.Bf3 Nc2+ 60.Kf1 Nd4 
61.Bd1 c5 62.Ke1 g5 63.Re3 f5 64.Rd3 Ke5 65.Re3+ Kd6 66.Rd3 f4 67.gxf4 
gxf4 68.Rh3 Ke5 69.Rh6 f3 70.Rh5+ Ke4 71.a5 Nxb3 72.axb6 Nc1 73.Rh4+ Ke5 
74.Bxf3 Nd3+ 75.Kd1 Nxf2+ 76.Ke1 Nd3+ 77.Kd1 Rxb6 78.Kd2 Nf4 79.Kc3 Rd6 
80.Bb7 Rd7 81.Ba6 Rd4 82.Rh6 Ke4 83.Bc4 Rd1 84.Rh2 Rc1+ 85.Rc2 Rg1 86.Rd2 
Rg3+ 87.Kc2 Ke5 88.Rd8 Ke4 89.Rd7 Rg5 90.Kc3 Rg3+ 91.Kc2 Rh3 92.Rd8 Ke3 
93.Kc3 Ke4+ 94.Kc2 Ra3 95.Kb2 Rg3 1/2-1/2

[Event "51st POL-ch"]
[Site "Gdansk POL"]
[Date "1994.03.??"]
[Round "5"]
[White "Czerwonski, Aleksander"]
[Black "Kaminski, Marcin"]
[Result "0-1"]
[WhiteElo "2395"]
[BlackElo "2445"]
[EventDate "1994.03.13"]
[PlyCount "68"]

1.d4 Nf6 2.c4 g6 3.Nc3 Bg7 4.e4 d6 5.f3 O-O 6.Nge2 c5 7.d5 e6 8.Ng3 exd5 
9.cxd5 Na6 10.Be2 Nc7 11.O-O Rb8 12.Bg5 h6 13.Be3 Re8 14.Qd2 Kh7 15.a4 a6 
16.f4 b5 17.e5 b4 18.Nce4 Nfxd5 19.Rad1 dxe5 20.f5 Bb7 21.Bxc5 Nf4 22.Qc2 
Ncd5 23.Nd6 Qc7 24.Nxe8 Rxe8 25.Rc1 Nc3 26.Be3 Nxg2 27.fxg6+ fxg6 28.Bh5 
Re6 29.bxc3 Nxe3 30.Qb3 Qb6 31.a5 Qd6 32.Rf7 Qd2 33.Ne2 Bd5 34.Qa4 gxh5 
0-1

[Event "51st POL-ch"]
[Site "Gdansk POL"]
[Date "1994.03.??"]
[Round "5"]
[White "Jaracz, Pawel"]
[Black "Grabarczyk, Miroslaw"]
[Result "0-1"]
[WhiteElo "2370"]
[BlackElo "2435"]
[EventDate "1994.03.13"]
[PlyCount "57"]

1.e4 e5 2.Nf3 Nc6 3.Bb5 a6 4.Ba4 d6 5.c4 Bd7 6.d4 exd4 7.Nxd4 Nf6 8.Nc3 g6
9.Bxc6 Bxc6 10.Nxc6 bxc6 11.O-O Bg7 12.Qa4 Qd7 13.e5 dxe5 14.Rd1 Qe6 15.
Nd5 Rc8 16.Nxf6+ Bxf6 17.Bh6 g5 18.Rd5 Rd8 19.Rc5 Rd6 20.Re1 Rg8 21.f4 
gxf4 22.Bxf4 Rxg2+ 23.Kxg2 Qg4+ 24.Kh1 Qf3+ 25.Kg1 Qxf4 26.Qb3 e4 27.Kh1 
Bd4 28.Rh5 e3 29.Qb8+ 0-1

[Event "51st POL-ch"]
[Site "Gdansk POL"]
[Date "1994.03.??"]
[Round "5"]
[White "Kempinski, Robert"]
[Black "Murdzia, Piotr"]
[Result "1/2-1/2"]
[WhiteElo "2385"]
[BlackElo "2435"]
[EventDate "1994.03.13"]
[PlyCount "60"]

1.c4 Nf6 2.Nc3 c5 3.Nf3 Nc6 4.g3 g6 5.Bg2 Bg7 6.O-O O-O 7.d4 d6 8.dxc5 
dxc5 9.Be3 Qa5 10.Qa4 Qxa4 11.Nxa4 b6 12.Nc3 Ng4 13.Bd2 Bb7 14.h3 Nge5 15.
Nxe5 Bxe5 16.Rad1 Rfd8 17.b3 Rab8 18.Ne4 Nd4 19.e3 Ne2+ 20.Kh2 Bxe4 21.
Bxe4 Bc3 22.Bf3 Bxd2 23.Bxe2 e6 24.Kg2 Kf8 25.Bf3 h5 26.g4 hxg4 27.hxg4 
Ke7 28.Be4 Rd6 29.Kf3 Rbd8 30.Ke2 Bc3 1/2-1/2